| 000 | 01466nam a2200361 a 4500 | ||
|---|---|---|---|
| 001 | 00171 | ||
| 003 | DO-SdBNP | ||
| 005 | 20180309111506.0 | ||
| 007 | 00171 | ||
| 008 | 091118s2008 dr 2008 000 0 spa d | ||
| 020 | _a9789945113402 | ||
| 020 | _a9789945112023 - Guía | ||
| 020 | _a9789945112269 - Cuaderno | ||
| 040 |
_aBPMSU _bspa _cBPMSU |
||
| 092 |
_a372.83 _bR175s 3ro. 2008 |
||
| 100 | 1 | _aRamos Santos, Henry | |
| 245 | 0 | 0 |
_aSociedad 3 : _b básica / _cHenry Ramos Santos ; editora Margarita Castro Catrain |
| 260 |
_aSanto Domingo : _bSantillana, _c2008. |
||
| 300 |
_a3 v. : _bil., mapas., retrs. ; _c28 cm. |
||
| 490 | 1 | _aCoral | |
| 505 | 0 |
_tUnidad 1 -- _tNuesto país -- _tUnidad 2 -- _tEl territorio donde vivo -- _tUnidad 3 -- _tEl campo -- _tUnidad 4 -- _tPueblos y ciudades -- _tUnidad 5 -- _tLa industria -- _tUnidad 6 -- _tLos servicios -- _tUnidad 7 -- _tPoblación y gobierno -- _tUnidad 8 -- _tLa vida democrática. |
|
| 650 | 4 |
_aCIENCIAS SOCIALES _xENSEÑANZA BÁSICA |
|
| 650 | 4 |
_aCIENCIAS SOCIALES _xEDUCACIÓN PRIMARIA |
|
| 650 | 4 |
_aCIENCIAS SOCIALES _xLIBROS DE TEXTOS |
|
| 650 | 4 |
_aCIENCIAS SOCIALES _xESTUDIOS Y EJERCICIOS |
|
| 650 | 4 |
_aEDUCACIÓN PRIMARIA _zREPÚBLICA DOMINICANA |
|
| 700 | 1 | 2 |
_aCastro Catrain, Margarita, _eed. |
| 830 | 0 | _aCoral | |
| 942 |
_2ddc _cBK |
||
| 945 | _aRemanejado para la BNPHU / 2018 VM | ||
| 956 |
_aVMATEO _b10 _c20150615 _lBPMS _h00151 |
||
| 956 |
_aBTAVÁREZ _b10 _c20160408 _lBPMSU _h00171 |
||
| 999 |
_c9642 _d9642 |
||